| 000 | 01016nam2a2200205 4500 | ||
|---|---|---|---|
| 001 | RU\NLR\PER_A\003137400_000850 | ||
| 005 | 20250810084012.0 | ||
| 035 | _a(NLR Aleph) 022597098 | ||
| 090 |
_a13462545 _c13462545 |
||
| 100 | _a20250806d2024 u y0rusy50 ca | ||
| 101 | 0 | _arus | |
| 102 | _aRU | ||
| 200 | 0 | _a2024, № 4 (с указ.) | |
| 210 | _d2024 | ||
| 461 | 0 |
_1001RU\NLR\Per\895569 _12001#$aПсихологическое консультирование онлайн$eнаучно-практический журнал$fФедерация психологов-консультантов онлайн$v2024, № 4 (с указ.) _92888185 _c[Б. м. _d2011 - _fФедерация психологов-консультантов онлайн _nб. и.] _oнаучно-практический журнал _tПсихологическое консультирование онлайн _x2411-0752 _v2024, № 4 (с указ.) |
|
| 852 |
_aNLR _jП25/656 |
||
| 942 | _cISSUE | ||
| 980 | _aRUSPER | ||
| 980 | _aNB | ||